000 01192nam a2200301 i 4500
001 bg
100 1 _aTRYFAN, Barbara
245 1 0 _aUbezpieczenia społeczne w rolnictwie Niemiec i Polski /
_cBarbara Tryfan, Bernd van Deenen, Józef Okuniwski ; Polska Akademia Nauk. Instytut Rozwoju Wsi i Rolnictwa.
260 _aWarszawa :
_bPAN. IRWiR,
_c1997.
300 _a160 s. ;
_c24 cm.
490 1 _aProblemy Rozwoju Wsi i Rolnictwa
500 _aStreszcz. niem.
504 _aBibliogr.
650 9 _aUbezpieczenia społeczne rolników
_zPolska
_yod 1989 r.
650 9 _aUbezpieczenia społeczne rolników
_zNiemcy
_yod 1989 r.
700 1 _aVan DEENEN, Bernd
700 1 _aOKUNIEWSKI, Józef
710 0 _aPolska Akademia Nauk
_bInstytut Rozwoju Wsi i Rolnictwa
830 _aProblemy Rozwoju Wsi i Rolnictwa
020 _a8385369376
040 _cBPK
041 0 _apol
_bger
080 _a369.022:369.5]-058.232.6(438:4-67)"1989/..."
920 _a83-85369-37-6
942 _cKS
008 s pl f |000 0 pol
999 _c44024
_d44024
856 _uhttp://koha.tu.koszalin.pl/cgi-bin/koha/opac-detail.pl?biblionumber=44024
_yKatalog online BPK